[Event "DVM U12 2015"]
[Site "Magdeburg GER"]
[Date "2015.12.28"]
[Round "4"]
[White "Schulter, Moritz"]
[Black "Stockter, Jasper Enno"]
[Result "0-1"]
[Termination "normal"]
[Board "9.3"]
[WhiteElo "1220"]
[BlackElo "1479"]
[WhiteTeam "ESV Gera"]
[BlackTeam "SV Mattnetz Berlin"]
[PlyCount "94"]
[WhiteFideId "16245067"]
[BlackFideId "12957291"]
[EventCountry "GER"]
[EventRounds "7"]
[EventType "team-swiss"]
[EventDate "2015.12.26"]

1. e4 e6 2. d4 d5 3. e5 c5 4. c3 Nc6 5. Nf3 Qb6 6. b3 cxd4 7. cxd4 Bb4+ 8. Bd2
Nxd4 9. Bxb4 Qxb4+ 10. Nbd2 Bd7 11. Rc1 Nc6 12. Be2 Nge7 13. O-O Ng6 14. Qc2
O-O 15. Rfd1 Rac8 16. Qb2 Qf4 17. Nc4 dxc4 18. Rxc4 Qf5 19. Bd3 Qh5 20. Bxg6
hxg6 21. Rxd7 Rfd8 22. Rxd8+ Rxd8 23. h3 Rd5 24. Re4 Qf5 25. Re1 Qf4 26. Qc3
Qb4 27. Rc1 Rd1+ 28. Ne1 Qxc3 29. Rxc3 Rxe1+ 30. Kh2 Re2 31. Rd3 Rxa2 32. Rd7
b6 33. Rc7 Nxe5 34. Rc8+ Kh7 35. f4 Nd7 36. Rc7 Nc5 37. Rxf7 Nxb3 38. Re7 Nc5
39. Kg3 a5 40. Re8 a4 41. h4 a3 42. Kh3 Re2 43. g4 a2 44. h5 gxh5 45. gxh5 a1=Q
46. Kg4 Qg1+ 47. Kf3 Qg2# 0-1

[Event "DVM U12 2015"]
[Site "Magdeburg GER"]
[Date "2015.12.28"]
[Round "4"]
[White "Schauties, Nico Antonio"]
[Black "Helmsdorf, Marius"]
[Result "1-0"]
[Termination "normal"]
[Board "9.4"]
[WhiteElo "1593"]
[BlackElo "1220"]
[WhiteTeam "SV Mattnetz Berlin"]
[BlackTeam "ESV Gera"]
[PlyCount "101"]
[WhiteFideId "16206371"]
[BlackFideId "16274873"]
[EventCountry "GER"]
[EventRounds "7"]
[EventType "team-swiss"]
[EventDate "2015.12.26"]

1. d4 d5 2. c4 e6 3. Nc3 Nf6 4. Nf3 Nbd7 5. Bf4 b6 6. e3 Bb7 7. Bd3 Bb4 8. O-O
O-O 9. Rc1 c5 10. a3 Bxc3 11. bxc3 Qe7 12. Qc2 Rfe8 13. Ne5 Rac8 14. Bg5 h6 15.
Bh4 Qd6 16. Bg3 Qe7 17. cxd5 exd5 18. Bf5 Red8 19. Qa4 Ra8 20. Bh4 Qd6 21. Nxd7
Nxd7 22. Bxd8 Rxd8 23. Bxd7 Rxd7 24. Rb1 Bc6 25. Qc2 Rc7 26. Rfc1 cxd4 27. cxd4
Qxa3 28. Rb3 Qd6 29. Rc3 Rd7 30. Rxc6 Qe7 31. Rc8+ Rd8 32. Rxd8+ Qxd8 33. Qc8
Qxc8 34. Rxc8+ Kh7 35. Rc7 a5 36. Rxf7 b5 37. Ra7 a4 38. Ra5 Kg6 39. Rxb5 a3
40. Rxd5 a2 41. Ra5 a1=N 42. d5 Kf6 43. Rxa1 Ke5 44. e4 g5 45. Ra6 h5 46. d6
Kxe4 47. d7 g4 48. d8=Q g3 49. Re6+ Kf5 50. Qf6+ Kg4 51. Re4# 1-0

[Event "DVM U12 2015"]
[Site "Magdeburg GER"]
[Date "2015.12.28"]
[Round "4"]
[White "Eschner, Fabian"]
[Black "Schubert, Christoph"]
[Result "1-0"]
[Termination "normal"]
[Board "10.1"]
[WhiteElo "1399"]
[BlackElo "1447"]
[WhiteTeam "Schachzwerge Magdeburg"]
[BlackTeam "USV TU Dresden"]
[PlyCount "143"]
[WhiteFideId "16232860"]
[EventCountry "GER"]
[EventRounds "7"]
[EventType "team-swiss"]
[EventDate "2015.12.26"]

1. e4 e5 2. Nf3 Nc6 3. Bc4 Bc5 4. c3 Nf6 5. d4 exd4 6. e5 Ne4 7. Bd5 Nxf2 8.
Kxf2 dxc3+ 9. Kf1 cxb2 10. Bxb2 O-O 11. Nbd2 Re8 12. Qc2 d6 13. Bxc6 bxc6 14.
Re1 Ba6+ 15. Re2 Bxe2+ 16. Kxe2 Qe7 17. Kd1 dxe5 18. Bxe5 f6 19. Qc4+ Kh8 20.
Bxc7 Be3 21. Ba5 Qd7 22. Re1 Rab8 23. Qc2 Rb5 24. Bc3 Rc5 25. Re2 Qb7 26. Nb3
Rd5+ 27. Ke1 Qd7 28. Bd2 Bxd2+ 29. Nbxd2 Rxe2+ 30. Kxe2 Qe6+ 31. Qe4 Qxe4+ 32.
Nxe4 Rb5 33. Nc3 Rb2+ 34. Nd2 Kg8 35. Kd3 Kf7 36. g3 Ke6 37. a3 Kf5 38. h3 g5
39. Ne2 g4 40. Nd4+ Kg5 41. h4+ Kg6 42. Nxc6 Ra2 43. Ne7+ Kf7 44. Nf5 Rxa3+ 45.
Ke4 Ra2 46. Nc4 Ra4 47. Ke3 Ke6 48. Ng7+ Kf7 49. Nf5 Ke6 50. Ng7+ Kd5 51. Nd2
Ra3+ 52. Kf4 Ra2 53. Nb1 Rb2 54. Na3 Rb7 55. Nh5 Rb4+ 56. Kf5 Kc5 57. Nxf6 Rb3
58. Nc2 Rf3+ 59. Kg5 h6+ 60. Kg6 a5 61. Ne1 Rf1 62. Nc2 Rf2 63. Ne4+ Kc4 64.
Ne3+ Kd3 65. Nxf2+ Kxe3 66. Nxg4+ Kf3 67. Ne5+ Kxg3 68. h5 Kf4 69. Nc4 Ke4 70.
Kxh6 a4 71. Kg5 Kd3 72. Nb2+ 1-0

[Event "DVM U12 2015"]
[Site "Magdeburg GER"]
[Date "2015.12.28"]
[Round "4"]
[White "Wehner, Tobias"]
[Black "Voß, Torben"]
[Result "1-0"]
[Termination "normal"]
[Board "10.2"]
[WhiteElo "1296"]
[BlackElo "1131"]
[WhiteTeam "USV TU Dresden"]
[BlackTeam "Schachzwerge Magdeburg"]
[PlyCount "41"]
[WhiteFideId "16224000"]
[EventCountry "GER"]
[EventRounds "7"]
[EventType "team-swiss"]
[EventDate "2015.12.26"]

1. e4 e5 2. Nf3 Nc6 3. Bc4 Nf6 4. d3 Bc5 5. Nc3 d6 6. Bg5 h6 7. Bh4 Bg4 8. Nd5
Nd4 9. Nxf6+ gxf6 10. c3 Nxf3+ 11. gxf3 Bd7 12. Qb3 Rh7 13. Rg1 Ke7 14. O-O-O
Qh8 15. d4 Bb6 16. dxe5 dxe5 17. Rd5 Re8 18. Rxe5+ Kd8 19. Rxe8+ Bxe8 20. Bd3
Qf8 21. e5 1-0

[Event "DVM U12 2015"]
[Site "Magdeburg GER"]
[Date "2015.12.28"]
[Round "4"]
[White "Unger, Matti"]
[Black "Thamm, Marti Jann"]
[Result "0-1"]
[Termination "normal"]
[Board "10.3"]
[WhiteElo "847"]
[BlackElo "1055"]
[WhiteTeam "Schachzwerge Magdeburg"]
[BlackTeam "USV TU Dresden"]
[PlyCount "106"]
[EventCountry "GER"]
[EventRounds "7"]
[EventType "team-swiss"]
[EventDate "2015.12.26"]

1. e4 e5 2. Nf3 Nc6 3. Bc4 Be7 4. Nc3 Nf6 5. d3 O-O 6. Bg5 d6 7. h3 h6 8. Bxf6
Bxf6 9. Qd2 a6 10. O-O-O Nd4 11. Nxd4 exd4 12. Nd5 Bg5 13. Ne3 dxe3 14. fxe3 c6
15. h4 Bxh4 16. Bb3 Bg5 17. Rdf1 Qb6 18. Re1 Bh4 19. g3 Bxg3 20. Re2 Be6 21.
Bxe6 fxe6 22. Rg1 Bf4 23. Rf1 Bg5 24. Rxf8+ Rxf8 25. Qc3 Bxe3+ 26. Kd1 Rf1+ 27.
Re1 Rxe1+ 28. Kxe1 Bf2+ 29. Ke2 Qe3+ 30. Kd1 Qf3+ 31. Kd2 Be3+ 32. Ke1 Qf2+ 33.
Kd1 Qf1+ 34. Qe1 Qxe1+ 35. Kxe1 g5 36. Ke2 Bc1 37. b3 Bb2 38. Kf3 Kg7 39. Kg4
Kg6 40. a4 h5+ 41. Kg3 g4 42. Kh4 Kf6 43. c4 d5 44. exd5 exd5 45. cxd5 cxd5 46.
Kg3 Ke5 47. Kf2 Kd4 48. Ke2 h4 49. Kd2 g3 50. Ke2 h3 51. Kf1 g2+ 52. Kg1 Kxd3
53. Kh2 Bd4 0-1

[Event "DVM U12 2015"]
[Site "Magdeburg GER"]
[Date "2015.12.28"]
[Round "4"]
[White "Petzold, Maik"]
[Black "Bartels, Sebastian"]
[Result "1/2-1/2"]
[Termination "normal"]
[Board "10.4"]
[WhiteElo "820"]
[BlackElo "788"]
[WhiteTeam "USV TU Dresden"]
[BlackTeam "Schachzwerge Magdeburg"]
[PlyCount "44"]
[WhiteFideId "12975087"]
[BlackFideId "16278542"]
[EventCountry "GER"]
[EventRounds "7"]
[EventType "team-swiss"]
[EventDate "2015.12.26"]

1. e4 e5 2. Nf3 Nc6 3. Bb5 Nf6 4. d3 Bc5 5. Bxc6 dxc6 6. Be3 Bxe3 7. fxe3 Bg4
8. Nbd2 O-O 9. h3 Bh5 10. g4 Bg6 11. g5 Nh5 12. Nxe5 Qxg5 13. Ng4 Ng3 14. Nf3
Qh5 15. Qd2 Nxh1 16. Qg2 Ng3 17. Qxg3 Qa5+ 18. c3 Qb6 19. Rb1 Bh5 20. d4 c5 21.
Qh4 Bg6 22. Nge5 Rae8 1/2-1/2

[Event "DVM U12 2015"]
[Site "Magdeburg GER"]
[Date "2015.12.29"]
[Round "5"]
[White "Henning, Marvin"]
[Black "Suvorov, Alexander"]
[Result "0-1"]
[Termination "normal"]
[Board "1.1"]
[WhiteElo "1774"]
[BlackElo "1946"]
[WhiteClock "00:09:12"]
[BlackClock "00:02:29"]
[WhiteTeam "Reideburger SV 90 Halle"]
[BlackTeam "SG Porz"]
[PlyCount "82"]
[WhiteFideId "12957399"]
[BlackFideId "12977063"]
[EventCountry "GER"]
[EventRounds "7"]
[EventType "team-swiss"]
[EventDate "2015.12.26"]

1. e4 c6 2. d4 d5 3. Nc3 dxe4 4. Nxe4 Bf5 5. Ng3 Bg6 6. N1e2 e6 7. Nf4 Bd6 8.
h4 Qc7 9. Nxg6 hxg6 10. Ne4 Be7 11. g3 Nf6 12. Nxf6+ Bxf6 13. Bg2 Nd7 14. c3
O-O-O 15. Qa4 Kb8 16. Bd2 e5 17. O-O-O exd4 18. Bf4 Be5 19. Bxe5 Nxe5 20. f4
Ng4 21. Rxd4 Rxd4 22. Qxd4 Rd8 23. Qc4 Nf2 24. Rf1 Qb6 25. Qe2 Nd3+ 26. Kb1
Nxb2 27. Qxb2 Qxb2+ 28. Kxb2 Rd2+ 29. Kb3 Rxg2 30. Rf3 Kc7 31. Rd3 b5 32. a3 a5
33. c4 Kb6 34. Re3 a4+ 35. Kc3 Ra2 36. Kd4 c5+ 37. Ke5 b4 38. axb4 cxb4 39. Rd3
Kc5 40. f5 Re2+ 41. Kf4 Rf2+ 0-1

[Event "DVM U12 2015"]
[Site "Magdeburg GER"]
[Date "2015.12.29"]
[Round "5"]
[White "Suvorov, Luca"]
[Black "Post, Hugo"]
[Result "1-0"]
[Termination "normal"]
[Board "1.2"]
[WhiteElo "1904"]
[BlackElo "1737"]
[WhiteClock "00:04:11"]
[BlackClock "00:06:34"]
[WhiteTeam "SG Porz"]
[BlackTeam "Reideburger SV 90 Halle"]
[PlyCount "127"]
[WhiteFideId "12977071"]
[BlackFideId "12962490"]
[EventCountry "GER"]
[EventRounds "7"]
[EventType "team-swiss"]
[EventDate "2015.12.26"]

1. d4 Nf6 2. c4 c5 3. d5 b5 4. Qc2 bxc4 5. e4 d6 6. Nf3 g6 7. Bxc4 Bg7 8. O-O
O-O 9. h3 Ba6 10. Na3 Qb6 11. Rb1 Qb7 12. b3 Nfd7 13. Bxa6 Nxa6 14. Nc4 Rab8
15. Qe2 Nc7 16. Bb2 Rbe8 17. Bxg7 Kxg7 18. Qb2+ Kg8 19. Nh2 f5 20. f3 Nb5 21.
Rbd1 Nd4 22. Rf2 Nb6 23. Na3 Nd7 24. Nc2 Nb5 25. Rfd2 Nc7 26. Qc3 Qb6 27. Qe3
Qa5 28. a3 Nb5 29. b4 Qb6 30. a4 Nc7 31. b5 Ne5 32. Qc3 fxe4 33. fxe4 c4+ 34.
Ne3 Rf4 35. Qd4 Nd3 36. Qxb6 axb6 37. Rf1 Rxe4 38. Nxc4 Rxc4 39. Rxd3 Rxa4 40.
Rb1 Ra5 41. Nf1 Rxb5 42. Rxb5 Nxb5 43. Ne3 Rc8 44. Kf2 Rc5 45. Rb3 Kf7 46. Rb4
Nc7 47. Rd4 b5 48. Kf3 b4 49. Ke4 Rb5 50. Rd2 b3 51. Rf2+ Kg7 52. Rb2 Na6 53.
Kd4 Nc5 54. Kc4 Rb7 55. Nd1 Kf7 56. Rf2+ Ke8 57. Nb2 e6 58. dxe6 Nxe6 59. Kd5
Nc5 60. Nc4 Ke7 61. Nxd6 b2 62. Rf7+ Kd8 63. Nxb7+ Kc8 64. Nd6+ 1-0

[Event "DVM U12 2015"]
[Site "Magdeburg GER"]
[Date "2015.12.29"]
[Round "5"]
[White "Dietz, Florian"]
[Black "Zyla, Lennert"]
[Result "1/2-1/2"]
[Termination "normal"]
[Board "1.3"]
[WhiteElo "1829"]
[BlackElo "1840"]
[WhiteClock "00:17:05"]
[BlackClock "00:09:53"]
[WhiteTeam "Reideburger SV 90 Halle"]
[BlackTeam "SG Porz"]
[PlyCount "102"]
[WhiteFideId "12939897"]
[BlackFideId "12981567"]
[EventCountry "GER"]
[EventRounds "7"]
[EventType "team-swiss"]
[EventDate "2015.12.26"]

1. e4 c5 2. Nf3 e6 3. d4 cxd4 4. Nxd4 a6 5. Nc3 b5 6. Be3 Bb7 7. Bd3 Nf6 8. e5
Nd5 9. Nxd5 Bxd5 10. O-O d6 11. exd6 Bxd6 12. Nf3 Nd7 13. Ng5 Nf6 14. f4 O-O
15. Qd2 h6 16. Nf3 Qc7 17. Ne5 Ne4 18. Qe1 f5 19. Bd4 Bc5 20. Bxc5 Qxc5+ 21.
Kh1 Qc7 22. Rc1 Qb7 23. Qe2 Nc5 24. b3 b4 25. Bc4 Ne4 26. Bxd5 Qxd5 27. Rcd1
Nc3 28. Rxd5 Nxe2 29. Rd6 Rfe8 30. Nd3 a5 31. Re1 Nc3 32. Rdxe6 Kf7 33. R6e5 g6
34. Rxe8 Rxe8 35. Rxe8 Kxe8 36. Ne5 Nxa2 37. Nc4 Nc3 38. Nxa5 Kd7 39. Nc4 Ke6
40. g3 Ne2 41. Ne5 Nd4 42. Nxg6 Nxc2 43. Ne5 Kd5 44. Nc4 Na1 45. Na5 Ke6 46.
Nc6 Nxb3 47. Nxb4 Kf6 48. Kg2 Nd4 49. Nd5+ Ke6 50. Ne3 Kf6 51. h3 h5 1/2-1/2

[Event "DVM U12 2015"]
[Site "Magdeburg GER"]
[Date "2015.12.29"]
[Round "5"]
[White "Pislaru, Adrian"]
[Black "Seidel, Arne Christian"]
[Result "0-1"]
[Termination "normal"]
[Board "1.4"]
[WhiteElo "1777"]
[BlackElo "1488"]
[WhiteClock "00:14:28"]
[BlackClock "00:09:54"]
[WhiteTeam "SG Porz"]
[BlackTeam "Reideburger SV 90 Halle"]
[PlyCount "74"]
[WhiteFideId "12940240"]
[BlackFideId "16235142"]
[EventCountry "GER"]
[EventRounds "7"]
[EventType "team-swiss"]
[EventDate "2015.12.26"]

1. Nf3 d5 2. c4 e6 3. g3 Nf6 4. Bg2 c5 5. cxd5 exd5 6. d4 b6 7. Nc3 Bb7 8. O-O
Be7 9. dxc5 bxc5 10. Qa4+ Nbd7 11. Bf4 O-O 12. Nh4 Nb6 13. Qd1 Qd7 14. Qb1 Nh5
15. Nf5 Nxf4 16. gxf4 Bf6 17. Rd1 Qe6 18. e3 Rab8 19. Qc2 Rfd8 20. Re1 Bc6 21.
Rad1 Rbc8 22. Qb1 Rb8 23. e4 d4 24. Ne2 Na4 25. b3 Bb5 26. Bh3 Kh8 27. Kg2 Qa6
28. Nfg3 d3 29. e5 Be7 30. Nf5 dxe2 31. Rxd8+ Bxd8 32. bxa4 Bc6+ 33. f3 Rxb1
34. Rxb1 Bxf3+ 35. Kf2 Bb7 36. Nd6 Bb6 37. Bd7 Qd3 0-1

[Event "DVM U12 2015"]
[Site "Magdeburg GER"]
[Date "2015.12.29"]
[Round "5"]
[White "Huber, Benedikt"]
[Black "Grabbel, Lennart Christian"]
[Result "1-0"]
[Termination "normal"]
[Board "2.1"]
[WhiteElo "1960"]
[BlackElo "1687"]
[WhiteClock "00:36:20"]
[BlackClock "00:24:03"]
[WhiteTeam "SK München Südost"]
[BlackTeam "Hamburger SK von 1830"]
[PlyCount "79"]
[WhiteFideId "12923583"]
[BlackFideId "16201620"]
[EventCountry "GER"]
[EventRounds "7"]
[EventType "team-swiss"]
[EventDate "2015.12.26"]

1. d4 d5 2. Bf4 Nf6 3. e3 Bf5 4. Bd3 Bxd3 5. cxd3 e6 6. Nc3 Bd6 7. Bg3 O-O 8.
Nf3 Nc6 9. O-O Bxg3 10. hxg3 Qe7 11. Qb3 Qb4 12. Qxb4 Nxb4 13. Ne5 Rfc8 14. a3
Na6 15. b4 b6 16. Nc6 Kf8 17. Nb5 Nb8 18. Nxb8 Raxb8 19. Nxa7 Re8 20. Rfc1 Ra8
21. Nb5 Re7 22. Nxc7 Ra7 23. Nb5 Ra6 24. Rc6 Ne8 25. a4 Rd7 26. a5 Rb7 27. Rac1
Ke7 28. Nc7 Nxc7 29. Rxc7+ Rxc7 30. Rxc7+ Kf6 31. Rc6 Ke7 32. axb6 Ra1+ 33. Kh2
Rb1 34. Rc7+ Kf6 35. b7 Rxb4 36. g4 h6 37. e4 Rb2 38. f4 g6 39. e5+ Kg7 40. f5
1-0

[Event "DVM U12 2015"]
[Site "Magdeburg GER"]
[Date "2015.12.29"]
[Round "5"]
[White "Goltser, Ilja"]
[Black "Lohvinov, Petro"]
[Result "1-0"]
[Termination "normal"]
[Board "2.2"]
[WhiteElo "1504"]
[BlackElo "1693"]
[WhiteClock "00:24:05"]
[BlackClock "00:16:51"]
[WhiteTeam "Hamburger SK von 1830"]
[BlackTeam "SK München Südost"]
[PlyCount "121"]
[WhiteFideId "14174782"]
[BlackFideId "14176661"]
[EventCountry "GER"]
[EventRounds "7"]
[EventType "team-swiss"]
[EventDate "2015.12.26"]

1. d4 Nf6 2. c4 e6 3. Nc3 Bb4 4. Nf3 b6 5. g3 Bb7 6. Bg2 O-O 7. Qc2 Re8 8. O-O
Bxc3 9. bxc3 Be4 10. Qb3 d5 11. Bg5 Nbd7 12. Ne5 Bxg2 13. Kxg2 h6 14. Nxd7 Qxd7
15. Bxf6 gxf6 16. cxd5 Qxd5+ 17. Qxd5 exd5 18. e3 Rac8 19. Rfc1 c5 20. a4 c4
21. Rcb1 Rb8 22. Rb5 Red8 23. Rab1 Rd6 24. Kf3 Kg7 25. Re1 f5 26. Rg1 h5 27. h3
Rbd8 28. Rbb1 Rg6 29. Rg2 Rdd6 30. Rbg1 Rde6 31. g4 fxg4+ 32. hxg4 Ref6+ 33.
Ke2 hxg4 34. Rxg4 Rxg4 35. Rxg4+ Rg6 36. Kf3 Rxg4 37. Kxg4 Kf6 38. Kf4 Ke6 39.
e4 a6 40. f3 b5 41. axb5 axb5 42. Ke3 Kd6 43. Kd2 Ke6 44. Kc2 dxe4 45. fxe4 f5
46. exf5+ Kxf5 47. Kb2 Ke6 48. Ka3 Kd6 49. Kb4 Kc6 50. Ka5 Kd6 51. Kxb5 Kd5 52.
Kb4 Kd6 53. Kxc4 Kc6 54. d5+ Kd6 55. Kd4 Kd7 56. Ke5 Ke7 57. d6+ Kd7 58. c4 Kd8
59. Ke6 Ke8 60. d7+ Kd8 61. c5 1-0

[Event "DVM U12 2015"]
[Site "Magdeburg GER"]
[Date "2015.12.29"]
[Round "5"]
[White "Grunert, Friedrich"]
[Black "Weber, Kian"]
[Result "1-0"]
[Termination "normal"]
[Board "2.3"]
[WhiteElo "1694"]
[BlackElo "1343"]
[WhiteClock "00:55:11"]
[BlackClock "00:22:13"]
[WhiteTeam "SK München Südost"]
[BlackTeam "Hamburger SK von 1830"]
[PlyCount "47"]
[WhiteFideId "12995592"]
[BlackFideId "16234928"]
[EventCountry "GER"]
[EventRounds "7"]
[EventType "team-swiss"]
[EventDate "2015.12.26"]

1. e4 e5 2. Nf3 Nc6 3. Bb5 a6 4. Ba4 Nf6 5. O-O Bc5 6. Re1 d6 7. c3 O-O 8. h3
h6 9. d4 exd4 10. cxd4 Bb6 11. Nc3 Bd7 12. Bc2 Ne7 13. Qd3 Ng6 14. Be3 Re8 15.
Qd2 c5 16. dxc5 Bxc5 17. Bxh6 gxh6 18. Qxh6 Ne5 19. Ng5 Be6 20. Nd5 Bxd5 21.
exd5 Re7 22. Bh7+ Nxh7 23. Qxh7+ Kf8 24. Qh8# 1-0

[Event "DVM U12 2015"]
[Site "Magdeburg GER"]
[Date "2015.12.29"]
[Round "5"]
[White "Fuhrmann, Philipp"]
[Black "Grunert, Wilhelm"]
[Result "1-0"]
[Termination "normal"]
[Board "2.4"]
[WhiteElo "1190"]
[BlackElo "1374"]
[WhiteClock "00:46:44"]
[BlackClock "00:53:47"]
[WhiteTeam "Hamburger SK von 1830"]
[BlackTeam "SK München Südost"]
[PlyCount "113"]
[WhiteFideId "16227557"]
[BlackFideId "12995673"]
[EventCountry "GER"]
[EventRounds "7"]
[EventType "team-swiss"]
[EventDate "2015.12.26"]

1. e4 c5 2. Nf3 Nc6 3. Nc3 g6 4. Bc4 Bg7 5. d3 d6 6. Bf4 Nf6 7. Qd2 O-O 8. Bh6
Bg4 9. Bxg7 Kxg7 10. Ng5 Nd4 11. h3 Bd7 12. Ne2 Nxe2 13. Qxe2 e6 14. Nf3 a5 15.
a3 Qb6 16. Rb1 d5 17. Ba2 Rfe8 18. O-O dxe4 19. dxe4 Bb5 20. Bc4 Bxc4 21. Qxc4
Qc6 22. Rfe1 b5 23. Qe2 Rad8 24. c4 b4 25. axb4 cxb4 26. b3 Rd7 27. Ra1 Ra8 28.
Qb2 Rd3 29. Ne5 Qd6 30. Nxd3 Qxd3 31. Rad1 Qc3 32. Qxc3 bxc3 33. Rc1 a4 34.
bxa4 Rxa4 35. Rxc3 Ra6 36. c5 Rc6 37. f3 Nd7 38. Rec1 Kf6 39. Kf2 Ke5 40. R3c2
h5 41. Kg3 f6 42. h4 g5 43. hxg5 fxg5 44. Rh1 h4+ 45. Kg4 Nxc5 46. Rhc1 Kd6 47.
Kxg5 e5 48. Kxh4 Kd7 49. Rxc5 Rh6+ 50. Kg3 Rg6+ 51. Kf2 Rg5 52. g4 Kd6 53. Rc6+
Kd7 54. Rc7+ Ke8 55. Rh7 Kd8 56. Ra1 Kc8 57. Ra8# 1-0

[Event "DVM U12 2015"]
[Site "Magdeburg GER"]
[Date "2015.12.29"]
[Round "5"]
[White "Krastev, Alexander"]
[Black "Noever, Niklas"]
[Result "1-0"]
[Termination "normal"]
[Board "3.1"]
[WhiteElo "1925"]
[BlackElo "1592"]
[WhiteTeam "Biebertaler SF"]
[BlackTeam "Rheydter SV 1920"]
[PlyCount "89"]
[WhiteFideId "12989983"]
[BlackFideId "12988642"]
[EventCountry "GER"]
[EventRounds "7"]
[EventType "team-swiss"]
[EventDate "2015.12.26"]

1. e4 c5 2. Nc3 e6 3. Nf3 Nc6 4. d4 cxd4 5. Nxd4 g6 6. Be3 Bg7 7. Ndb5 Nge7 8.
Nd6+ Kf8 9. Be2 a6 10. O-O Qc7 11. Rb1 b5 12. f4 f5 13. e5 h5 14. Bf3 Bb7 15.
a4 b4 16. Na2 a5 17. Nb5 Qd8 18. Bc5 Kg8 19. c3 bxc3 20. bxc3 Rb8 21. Bd6 Rc8
22. Nc1 Ba6 23. Nd3 Bf8 24. Kh1 Kg7 25. Nc5 Ra8 26. Rf2 h4 27. Nc7 Qc8 28. Nxa8
Qxa8 29. Nxd7 Qa7 30. Nc5 Kf7 31. Rfb2 h3 32. g3 Bg7 33. Bxc6 Nxc6 34. Rb7+
Bxb7 35. Rxb7+ Qxb7 36. Nxb7 Bf8 37. Bxf8 Rxf8 38. Qd7+ Ne7 39. Nd8+ Kg8 40.
Qxe6+ Kh8 41. Qxe7 Kg8 42. Ne6 Rf7 43. Qe8+ Kh7 44. Qxf7+ Kh6 45. Nf8 1-0

[Event "DVM U12 2015"]
[Site "Magdeburg GER"]
[Date "2015.12.29"]
[Round "5"]
[White "Bartels, Simon"]
[Black "Grunwald, Jonathan"]
[Result "0-1"]
[Termination "normal"]
[Board "3.2"]
[WhiteElo "1512"]
[BlackElo "1643"]
[WhiteTeam "Rheydter SV 1920"]
[BlackTeam "Biebertaler SF"]
[PlyCount "70"]
[WhiteFideId "12990140"]
[BlackFideId "12955744"]
[EventCountry "GER"]
[EventRounds "7"]
[EventType "team-swiss"]
[EventDate "2015.12.26"]

1. e4 e5 2. Nf3 Nc6 3. Nc3 Nf6 4. Be2 d5 5. exd5 Nxd5 6. Bb5 Nxc3 7. bxc3 Bd7
8. O-O Bd6 9. Re1 Qf6 10. d4 O-O 11. Bxc6 Bxc6 12. dxe5 Bxf3 13. exf6 Bxd1 14.
fxg7 Rfd8 15. Bg5 Bxc2 16. Bxd8 Rxd8 17. h3 Kxg7 18. Rac1 Bd3 19. g3 Bc4 20. a4
Be6 21. Kg2 Bc5 22. Re4 Be7 23. Rb1 Rd3 24. c4 b6 25. a5 Bf6 26. Ree1 Bxc4 27.
axb6 axb6 28. Rbc1 Bd5+ 29. Kg1 c6 30. Kf1 Kf8 31. Ke2 Ra3 32. Rc2 b5 33. Kf1
b4 34. Rcc1 b3 35. Rb1 b2 0-1

[Event "DVM U12 2015"]
[Site "Magdeburg GER"]
[Date "2015.12.29"]
[Round "5"]
[White "Engert, Kiyan"]
[Black "Müdder, Melanie"]
[Result "1-0"]
[Termination "normal"]
[Board "3.3"]
[WhiteElo "1472"]
[BlackElo "1544"]
[WhiteTeam "Biebertaler SF"]
[BlackTeam "Rheydter SV 1920"]
[PlyCount "125"]
[WhiteFideId "16214870"]
[BlackFideId "12994103"]
[EventCountry "GER"]
[EventRounds "7"]
[EventType "team-swiss"]
[EventDate "2015.12.26"]

1. d4 c5 2. d5 Nf6 3. Nf3 g6 4. Nc3 d6 5. e4 Bg7 6. Bb5+ Nbd7 7. O-O O-O 8. Bf4
a6 9. Bd3 b5 10. Rb1 Nb6 11. b4 c4 12. Be2 Nh5 13. Bd2 e6 14. dxe6 fxe6 15. Bg5
Qd7 16. Qd2 d5 17. e5 Qf7 18. Qe3 Nd7 19. g3 Qf5 20. Be7 Rf7 21. Bd6 Bb7 22.
Nd4 Qh3 23. Bf3 Bf8 24. Bg2 Bh6 25. Bxh3 Bxe3 26. fxe3 Ng7 27. Nxe6 Nf5 28.
Bxf5 gxf5 29. Nc5 Nxc5 30. Bxc5 Re8 31. Bd6 Kg7 32. Rbd1 Kg6 33. Nxd5 Bxd5 34.
Rxd5 Rd7 35. Rfd1 Kf7 36. Kf2 Ke6 37. Kf3 h5 38. R5d2 Red8 39. Ke2 Kf7 40. Bc5
Rxd2+ 41. Rxd2 Rxd2+ 42. Kxd2 Ke6 43. Ke2 Kxe5 44. Kf3 Kf6 45. Kf4 Kg6 46. Bd4
Kf7 47. Kxf5 Kg8 48. Kg5 Kf7 49. Kxh5 Ke6 50. e4 Kd6 51. Kg6 Ke6 52. h4 Ke7 53.
Kg7 Ke6 54. h5 Ke7 55. h6 Ke6 56. h7 Ke7 57. h8=Q Ke6 58. Qh6+ Ke7 59. Qf6+ Kd7
60. Be5 Ke8 61. Qf7+ Kd8 62. Kf6 Kc8 63. Qc7# 1-0

[Event "DVM U12 2015"]
[Site "Magdeburg GER"]
[Date "2015.12.29"]
[Round "5"]
[White "Leßmann, Sönke"]
[Black "Peschel, Julia"]
[Result "1-0"]
[Termination "normal"]
[Board "3.4"]
[WhiteElo "1348"]
[BlackElo "1044"]
[WhiteTeam "Rheydter SV 1920"]
[BlackTeam "Biebertaler SF"]
[PlyCount "117"]
[WhiteFideId "16222520"]
[BlackFideId "16255593"]
[EventCountry "GER"]
[EventRounds "7"]
[EventType "team-swiss"]
[EventDate "2015.12.26"]

1. e4 e5 2. Nf3 Nc6 3. Bc4 Nf6 4. d3 Bc5 5. c3 d5 6. exd5 Nxd5 7. O-O Bg4 8.
Nbd2 O-O 9. h3 Bh5 10. Re1 Re8 11. Bb5 Qd6 12. Ne4 Qe7 13. Bxc6 bxc6 14. Nxc5
Qxc5 15. g4 Bg6 16. Rxe5 Qd6 17. d4 Be4 18. Qe1 Nf6 19. Bf4 Bxf3 20. Rxe8+ Rxe8
21. Bxd6 Rxe1+ 22. Rxe1 cxd6 23. Re7 Kf8 24. Rxa7 h5 25. gxh5 Nxh5 26. a4 Nf4
27. h4 Ng6 28. Kh2 Nxh4 29. Kg3 g5 30. a5 Kg7 31. a6 Kf6 32. Ra8 c5 33. Rh8 Be4
34. dxc5 dxc5 35. a7 Kf5 36. a8=Q Bxa8 37. Rxa8 Ke4 38. Ra5 c4 39. Rxg5 Ng6 40.
Rc5 Kd3 41. f4 Kc2 42. Rxc4 Kxb2 43. Kg4 f6 44. Kf5 Kb3 45. Kxg6 Kxc4 46. Kxf6
Kd5 47. f5 Kd6 48. Kg7 Ke7 49. f6+ Kd7 50. f7 Kc6 51. f8=Q Kb5 52. Qc8 Kb6 53.
Qc4 Kb7 54. Kf7 Ka8 55. Qb5 Ka7 56. Ke7 Ka8 57. Kd7 Ka7 58. Kc7 Ka8 59. Qb7#
1-0

[Event "DVM U12 2015"]
[Site "Magdeburg GER"]
[Date "2015.12.29"]
[Round "5"]
[White "Wu, Leon"]
[Black "Astner, Sebastian"]
[Result "1-0"]
[Termination "normal"]
[Board "4.1"]
[WhiteElo "1753"]
[BlackElo "1678"]
[WhiteTeam "SK Mannheim-Lindenhof 1865"]
[BlackTeam "FC Ergolding 1932"]
[PlyCount "87"]
[WhiteFideId "12977438"]
[BlackFideId "12979422"]
[EventCountry "GER"]
[EventRounds "7"]
[EventType "team-swiss"]
[EventDate "2015.12.26"]

1. e4 e5 2. Nf3 Nc6 3. Bb5 d6 4. c3 Nge7 5. h3 g6 6. d4 Bd7 7. O-O Bg7 8. Be3
O-O 9. Bc4 a6 10. a4 exd4 11. cxd4 Nb4 12. Qd2 a5 13. Bh6 d5 14. Bxg7 Kxg7 15.
exd5 Nexd5 16. Nc3 Be6 17. Ng5 c6 18. Rfe1 Qd7 19. Nxe6+ fxe6 20. Re2 Rae8 21.
Rae1 b6 22. Qg5 Rf5 23. Qg3 h6 24. Nxd5 cxd5 25. Bb5 Nc6 26. Rc2 Rc8 27. Rec1
Rg5 28. Qe3 Qf7 29. Rxc6 Re8 30. Rxb6 Re7 31. Re1 Kf6 32. Ra6 h5 33. Rxa5 Rf5
34. Bd3 Rg5 35. Qf4+ Kg7 36. Qxg5 Rb7 37. Rb5 Rc7 38. Bxg6 Qxg6 39. Qe5+ Kh6
40. Qxc7 h4 41. Qf4+ Kh7 42. Rb7+ Kh8 43. Qf8+ Qg8 44. Qxg8+ 1-0